Lo que cuentan los guaraníes /
Hubo un tiempo en que los guaraníes fueron muchos y eran dueños de buena parte de la selva sudamericana. Allí se ganaban la vida cultivando la tierra, recogiendo frutos silvestres, pescando y cazando. Y del monte sacaban cientos de plantas medicinales. Conocían el laberinto de ríos y arroyos que cru...
Guardado en:
| Autor Principal: | |
|---|---|
| Otros Autores: | |
| Formato: | Libro |
| Idioma: | Undetermined |
| Publicado: |
Buenos Aires :
Sudamericana,
2001.
|
| Edición: | 3a ed. |
| Series: | Cuentamérica
|
| Materias: | |
| Etiquetas: |
Agregar Etiqueta
Sin Etiquetas, Sea el primero en etiquetar este registro!
|
| LEADER | 01489nam a22002535a 4500 | ||
|---|---|---|---|
| 001 | CEM.cems021244 | ||
| 008 | 240619s2001####ag############000#0#und#d | ||
| 005 | 20240619152109.0 | ||
| 245 | 1 | 0 | |a Lo que cuentan los guaraníes / |c Miguel Ángel Palermo ; ilustrado por María Rojas. |
| 250 | |a 3a ed. | ||
| 260 | |a Buenos Aires : |b Sudamericana, |c 2001. | ||
| 300 | |a 64 p. | ||
| 490 | 1 | |a Cuentamérica | |
| 500 | |a Edad sugerida: a partir de 9 años. | ||
| 520 | |a Hubo un tiempo en que los guaraníes fueron muchos y eran dueños de buena parte de la selva sudamericana. Allí se ganaban la vida cultivando la tierra, recogiendo frutos silvestres, pescando y cazando. Y del monte sacaban cientos de plantas medicinales. Conocían el laberinto de ríos y arroyos que cruzan la selva, y por ellos viajaban veloces en sus canoas, seguros de su fuerza y de su conocimiento. Hacían la guerra, pero también hacían poesías. A la luz de los fogones, siempre les gustó contar historias que tienen héroes de cuerpos resplandecientes como el sol y seres malvados que se apropian del fuego, aventuras de dioses y hazañas de gente común. | ||
| 020 | |a 9500713373 | ||
| 100 | 1 | |a Palermo, Miguel Ángel. | |
| 700 | 1 | |a Rojas, María; il. | |
| 653 | |a Leyendas | ||
| 653 | |a Mitos | ||
| 653 | |a Literatura infantil | ||
| 653 | |a Literatura juvenil | ||
| 859 | |a CEMS |b BIB. CEMS - Inicial y Primaria |h 398.2 |i P174-2 |k IP |p 2206 |t Ej.1 | ||
| 859 | |a CEMS |b BIB. CEMS - Inicial y Primaria |h 398.2 |i P174-2 |k IP |p 2207 |t Ej.2 | ||
